Statistiques concernant Nom des épisodes de Sherlock

Cliquez ici pour prendre le quiz!

Statistiques générales

  • Ce quiz a été pris 63 fois
  • Le résultat moyen est 7 sur 14

Statistiques - réponses

HintRéponse% Correct
saison 1 épisode 1A study in pink
93%
saison 4 épisode 3The final problem
64%
saison 2 épisode 2The hounds of Baskerville
64%
saison 2 épisode 3The Reichenbach fall
55%
saison 3 épisode spécialThe abominable bride
52%
saison 3 épisode 1The empty hearse
52%
saison 2 épisode 1A scandal in Belgravia
50%
saison 1 épisode 3The great game
50%
saison 1 épisode 2The blind banker
45%
saison 3 épisode 3His last vow
39%
saison 4 épisode 2The lying detective
36%
saison 4 épisode 1The six thatchers
36%
saison 3 épisode 2The sign of three
32%
saison 3 épisode spécialMany Happy Returns
18%

Distribution des résultats

Percentile par nombre de réponses

% des personnes avec chaque résultat

Votre développement - résultats

Vous n’avez pas pris ce quiz